00563nab a22001697a 4500003000400000005001700004008004100021040003700062082003600099100002000135245004300155260004500198650001000243650004100253650002700294773007200321OSt20250430033539.0250404t2005 |||||||| |||| 00| 0 eng d cJMCFI - Learning Resource Center aPer. 370.7’051 M689 2004-2006 aAzañes, Nelia aMy Christmas wishes /cNelia Azañes. aManila :bThe Grade School, Inc.,c2005. aPoem. aMy Christmas wishes (Filipino poem). aPhilippine literature. g, volume 54, number 7 (December 2005) page 290.tThe Modern Teacher